Типовые элементы систем автоматического управления: учебное пособие

Manylion Llyfryddiaeth
Prif Awdur: Келим Ю. М. Юрий Михайлович
Crynodeb:В пособии изложены основы теории, рассмотрены схемы, конструкции и технические характеристики электрических датчиков (контактных, по-тенциометрических, тензометрических, электромагнитных, пьезоэлектрических, емкостных, термоэлектрических, струнных, фотоэлектрических, ультразвуковых и основанных на эффекте Холла), коммутационных электромеханических элементов (нейтральных и поляризованных реле, контакторов и магнитных пускателей, электромагнитов и электромагнитных муфт), магнитных усилителей, модуляторов и бесконтактных реле, индикаторных устройств, электронных коммутаторов, цифроаналоговых и аналого-цифровых преобразователей, специальных элементов автоматики. Для учащихся техникумов и колледжей, а также студентов вузов.
Iaith:Rwseg
Cyhoeddwyd: Москва, Форум, 2007
Cyfres:Профессиональное образование
Pynciau:
Fformat: Llyfr
KOHA link:https://koha.lib.tpu.ru/cgi-bin/koha/opac-detail.pl?biblionumber=137754

MARC

LEADER 00000nam0a2200000 4500
001 137754
005 20231031141155.0
010 |a 581990043X 
010 |a 5-16-000989-2 
035 |a (RuTPU)RU\TPU\book\149284 
090 |a 137754 
100 |a 20080515d2007 m y0rusy50 ca 
101 0 |a rus 
102 |a RU 
105 |a a j 001zy 
200 1 |a Типовые элементы систем автоматического управления  |e учебное пособие  |f Ю. М. Келим 
210 |a Москва  |c Форум  |c Инфра-М  |d 2007 
215 |a 384 с.  |c ил. 
225 1 |a Профессиональное образование 
320 |a Библиогр.: с. 378. 
330 |a В пособии изложены основы теории, рассмотрены схемы, конструкции и технические характеристики электрических датчиков (контактных, по-тенциометрических, тензометрических, электромагнитных, пьезоэлектрических, емкостных, термоэлектрических, струнных, фотоэлектрических, ультразвуковых и основанных на эффекте Холла), коммутационных электромеханических элементов (нейтральных и поляризованных реле, контакторов и магнитных пускателей, электромагнитов и электромагнитных муфт), магнитных усилителей, модуляторов и бесконтактных реле, индикаторных устройств, электронных коммутаторов, цифроаналоговых и аналого-цифровых преобразователей, специальных элементов автоматики. Для учащихся техникумов и колледжей, а также студентов вузов. 
610 1 |a автоматика 
610 1 |a САУ 
610 1 |a системы автоматического управления 
610 1 |a измерительные схемы 
610 1 |a измерения 
610 1 |a элементы 
610 1 |a классификация 
610 1 |a электрические датчики 
610 1 |a контактные датчики 
610 1 |a потенциометрические датчики 
610 1 |a тензометрические датчики 
610 1 |a электромагнитные датчики 
610 1 |a пьезоэлектрические датчики 
610 1 |a емкостные датчики 
610 1 |a терморезисторы 
610 1 |a термоэлектрические датчики 
610 1 |a струйные датчики 
610 1 |a фотоэлектрические датчики 
610 1 |a ультразвуковые датчики 
610 1 |a датчики Холла 
610 1 |a магнитосопротивления 
610 1 |a коммутационные элементы 
610 1 |a электрические контакты 
610 1 |a электромагнитные нейтральные реле 
610 1 |a специальные реле 
610 1 |a контакторы 
610 1 |a магнитные пускатели 
610 1 |a электромагнитные исполнительные устройства 
610 1 |a магнитные усилители 
610 1 |a модуляторы 
610 1 |a цифровые элементы 
610 1 |a корректирующие элементы 
610 1 |a учебные пособия 
675 |a 681.51(075.32)  |v 3 
700 1 |a Келим  |b Ю. М.  |g Юрий Михайлович 
801 1 |a RU  |b 63413507  |c 20080515  |g PSBO 
801 2 |a RU  |b 63413507  |c 20160115  |g PSBO 
900 |a Электрические элементы систем автоматического управления 
942 |c BK 
959 |a 49/20080514  |d 1  |e 175,00  |f ЧЗТЛ:1